000 00280nam a22001217a 4500
041 _aENG
100 _aChoudhary ,S
245 _aApplied Nanotechnology in Agriculture
260 _aNew Delhi
_bAgri Pub
_c2011
300 _a236
650 _aAgriculture
856 _uAgriculture
999 _c2664
_d2664